00720cam a22002291 450000100060000000300080000600500170001400800410003103500190007204000230009104100080011408200280012224500970015025000120024726000280025930000870028735000090037450000340038350400300041765000110044770000320045875082BD-RjUL20211209082636.0710519s1968 enkabch b 000 0 eng  a(BD-RjUL)75300 aDLCcDLCdDLCbeng aeng00a551.46162223bOCE 196810aOceans: an atlas-history of man's exploration of the deep /cgeneral editor G. E. R. Deacon. a2nd ed. aLondon,bHamlyn,c1968. a297 p.billus. (some col.), facsims. (some col.), maps (some col.), ports.c29 cm. a30/- aCol. illus. on lining papers. aBibliography: p. 270-273. 0aOcean. aDeacon, George,d1906-1984.